[Event "Frankfurt-ch"]
[Site "Frankfurt"]
[Date "2005.06.06"]
[Round "6"]
[White "Adair, Monte"]
[Black "Ortiz Rodriguez, Jose"]
[Result "0-1"]
[WhiteElo "1424"]
[BlackElo "1260"]
[PlyCount "68"]
[EventDate "2005.04.25"]
[EventType "swiss"]
[EventRounds "7"]
[EventCountry "GER"]
[SourceTitle "EXT 2006"]
[Source "ChessBase"]
[SourceDate "2005.11.24"]
[SourceVersion "1"]
[SourceVersionDate "2005.11.24"]
[SourceQuality "1"]

1. e4 d6 2. Nf3 Nf6 3. Nc3 c6 4. d4 Qa5 5. Be2 Nxe4 6. Bd2 Nxd2 7. Qxd2 Nd7 8. 0-0 e5 9. Rfe1 Be7 10. Qd3 0-0 11. Ne4 f5 12. Ng3 e4 13. Nxe4 fxe4 14. Qxe4 Bf6 15. Bd3 Qh5 16. Qe6+ Qf7 17. Qxd6 Kh8 18. b3 Nb6 19. c4 Bg4 20. Ne5 Bxe5 21. Qxe5 Qxf2+ 22. Kh1 Nd7 23. Qg5 Nf6 24. Re7 Rg8 25. Rf1 Qxd4 26. Qd2 Rad8 27. Re3 Bh5 28. Rfe1 Bg6 29. Qe2 Bxd3 30. Qf2 Ng4 31. Qg3 Nxe3 32. Rxe3 Rde8 33. Rxe8 Rxe8 34. h3 h6 0-1

[Event "Frankfurt-ch"]
[Site "Frankfurt"]
[Date "2005.05.30"]
[Round "5"]
[White "Pelda, Jaromir"]
[Black "Adair, Monte"]
[Result "1-0"]
[WhiteElo "1645"]
[BlackElo "1424"]
[PlyCount "81"]
[EventDate "2005.04.25"]
[EventType "swiss"]
[EventRounds "7"]
[EventCountry "GER"]
[SourceTitle "EXT 2006"]
[Source "ChessBase"]
[SourceDate "2005.11.24"]
[SourceVersion "1"]
[SourceVersionDate "2005.11.24"]
[SourceQuality "1"]

1. e4 e5 2. Nf3 Nc6 3. Bb5 d6 4. d4 Bd7 5. Nc3 Nf6 6. Bg5 Be7 7. 0-0 exd4 8. Nxd4 0-0 9. Bc4 Ne5 10. Bb3 c6 11. f4 Ng6 12. Qd3 c5 13. Nf3 Qb6 14. Kh1 Rac8 15. e5 Ne8 16. Nd5 Bb5 17. c4 Qd8 18. Nxe7+ Nxe7 19. cxb5 d5 20. Bxe7 Qxe7 21. Qxd5 b6 22. Rad1 Nc7 23. Qc4 h6 24. Rd3 Ne6 25. Rfd1 Rc7 26. f5 Nd4 27. Nxd4 cxd4 28. Qxd4 Kh8 29. Qf4 Rfc8 30. f6 Qf8 31. Rh3 Kh7 32. fxg7 Qxg7 33. Qf5+ Kh8 34. Rg3 Qf8 35. Qf6+ Kh7 36. Bd5 Rc4 37. Bxc4 Rxc4 38. e6 Rc7 39. Qf5+ Kh8 40. Qe5+ Kh7 41. Qxc7 1-0